|
|
|
|
| LEADER |
01184nam a2200277 a 4500 |
| 001 |
GR-Antirio751 |
| 008 |
090511s19992000nyu b 001 0 gre d |
| 020 |
|
|
|a 047197806X
|
| 040 |
|
|
|a GrPaTEI
|b gre
|c GR-PaULI
|
| 040 |
|
|
|a GrPaTEI
|b gre
|c GR-PaULI
|
| 040 |
|
|
|a GrPaTEI
|b gre
|c GR-PaULI
|
| 082 |
|
0 |
|a 621.384
|2 21
|
| 100 |
0 |
|
|a Steele, Raymond
|
| 245 |
1 |
0 |
|a Mobile radio communications :
|b second and third generation cellular and WATM systems /
|c edited by : Steele, Raymond and Hanzo, Lajos.
|
| 250 |
|
|
|a 2nd ed.
|
| 260 |
|
|
|a New York :
|b John Wiley & Sons,
|c c 2000
|
| 300 |
|
|
|a xxτ. , 1064 σ. :
|b εικ. ;
|c 25 εκ.
|
| 504 |
|
|
|a Περιλαμβάνει βιβλιογραφίες και ευρετήριο.
|
| 650 |
|
0 |
|a CELLULAR TELEPHONE SYSTEMS
|
| 650 |
|
0 |
|a GLOBAL SYSTEM FOR MOBILE COMMUNICATIONS
|
| 650 |
1 |
0 |
|a Wireless communication systems
|
| 700 |
0 |
|
|a Hanzo, Lajos
|
| 942 |
|
|
|2 ddc
|
| 952 |
|
|
|0 0
|1 0
|2 ddc
|4 0
|6 621_384000000000000_STE
|7 0
|9 262134
|a LISK-2
|b LISK-2
|c BSC
|d 2021-01-17
|e 24
|f 0
|g 0.00
|l 0
|o 621.384 STE
|p 2430000007161
|r 2021-01-17 00:00:00
|t 1
|w 2021-01-17
|y BK15
|x 20090511 0 1
|x GrPaTEI - Antirrio
|
| 971 |
|
|
|a .b25705507
|b 01-10-20
|c 12-09-16
|
| 999 |
|
|
|c 151186
|d 151186
|